Geography Quiz

Random Geography or City Quiz

North America Population Grid Quiz Stats

 Plays Quiz Updated Jul 1, 2014

Support Sporcle.
Go Orange.
Score 0/38 Timer 10:00
1 Play Today
% Correct
New York, USA
95.3%
Los Angeles, USA
92%
Chicago, USA
86.7%
Mexico City, Mexico
85.8%
Houston, USA
84.9%
Seattle, USA
84.6%
Denver, USA
77.1%
Havana, Cuba
73.1%
Montreal, Canada
72.3%
Las Vegas, USA
69.4%
Anchorage, USA
68.9%
San Jose, USA
60.7%
Juneau, USA
58.6%
Calgary, Canada
57.1%
Jacksonville, USA
54.2%
Panama City, Panama
48.7%
Winnipeg, Canada
44.8%
Port-au-Prince, Haiti
44.3%
Halifax, Canada
36.3%
% Correct
Oklahoma City, USA
34.8%
Santo Domingo, DR
34.2%
Nassau, Bahamas
34%
Guadalajara, Mexico
32.2%
San Salvador, El Salv.
31.8%
Saint John, Canada
30.3%
Guatemala City, Gua.
29%
Saskatoon, Canada
27.4%
Ciudad Juarez, Mexico
25.1%
St. John's, Canada
17.3%
Greater Sudbury, Canada
7.6%
La Paz, Mexico
7.3%
Santa Maria, USA
6.3%
Wood Buffalo, Canada
3.8%
Bethel, USA
2.9%
Kenai, USA
2.4%
Willemstad, Curaçao
2.1%
Thompson, Canada
2%
Ft. St. John, Canada
1.7%

You're not logged in!

Compare scores with friends on all Sporcle quizzes.
OR
Log In

From the Vault

Definitive NFL Team Names

by Pushcake

This one has a lot of layers, most of them involving sports.
Remove Ads.
Support Sporcle.
Get the best of Sporcle when you Go Orange. This ad-free experience offers more features, more stats, and more fun while also helping to support Sporcle. Thank you for becoming a member.

Show Comments

Extras

Top Quizzes Today


Score Distribution

Your Account Isn't Verified!

In order to create a playlist on Sporcle, you need to verify the email address you used during registration. Go to your Sporcle Settings to finish the process.

Report this User

Report this user for behavior that violates our Community Guidelines.

Details: